000 01694 a2200217 4500
001 31485
005 20260407155619.0
008 260407a1998 arg spa d
003 AR-UNSa-BCEJYS
040 _aAR-UNSa-BCEJYS
_bspa
_cAR-UNSa-BCEJYS
080 _a657-051
_xProfesional en Ciencias Económicas (Contador...)
245 1 0 _aActuación Profesional Judicial
020 _a950-537-434-8
264 1 _aBuenos Aires :
_bEdiciones Macchi
_c1998
300 _a737 p.
_c23 cm.
505 _aParte I: 1. Evolución y caracteristicas de las profesiones en ciencias económicas - 2. Organización judicial - 3. Nociones de derecho procesal - 4. La actuación como perito contador en las controversias laborales en el ambito nacional y de la provincia de buenos aires - 5. Pericias en el fuero penal - 6. Juicio oral: Peritos - Parte II: 7. El contador público - Parte III: 8. Aspectos contables fundamentales relacionados con la actuación del contador público en el ambito judical - Parte IV: 9. Otros desempeño profesionales del contador público y del licenciado en administración en el ambito judicial, en medidas de caracter cautelar(administrador, interventor, liquidador y veedor) - 10. Otros desempeños tradicionales del contador público - 11. El contador público en su rol como consultor técnico en el ambito forense - 12. El perito arbitro dentro del juicio de arbitros y amigables componedores - 13. La labor profesional del contador público en las nuevas alternativas de resolución de conflictos: medición, conciliación y arbitraje.
942 _cBK
590 _aniveau_biblio:m niveau_hierar:0
100 1 _aViegas, Juan Carlos
700 1 _aFronti de García, Luisa
999 _c2184
_d2184